MARC details
| 000 -LEADER |
| fixed length control field |
01026nam a2200253 a 4500 |
| 008 - FIXED-LENGTH DATA ELEMENTS--GENERAL INFORMATION |
| fixed length control field |
120416s2002 ||||||||||||||||| || u |
| 020 ## - INTERNATIONAL STANDARD BOOK NUMBER |
| International Standard Book Number |
0521777402 |
| 050 ## - LIBRARY OF CONGRESS CALL NUMBER |
| Classification number |
QA 371 Can |
| 100 ## - MAIN ENTRY--PERSONAL NAME |
| Personal name |
Cantwell, Brian J |
| 245 10 - TITLE STATEMENT |
| Title |
Introduction to symmetry analysis |
| 260 ## - PUBLICATION, DISTRIBUTION, ETC. |
| Place of publication, distribution, etc. |
Cambridge |
| Name of publisher, distributor, etc. |
Cambridge University Press |
| Date of publication, distribution, etc. |
2002 |
| 300 ## - PHYSICAL DESCRIPTION |
| Extent |
xli, 612p. : ill. |
| 350 ## - PRICE (NR) (BK AM CF MU VM SE) [OBSOLETE] |
| Price |
0.00 |
| 490 ## - SERIES STATEMENT |
| Series statement |
Cambridge texts in applied mathematics |
| 500 ## - GENERAL NOTE |
| General note |
accompanied by a CD(see Reference Librarian) |
| 650 ## - SUBJECT ADDED ENTRY--TOPICAL TERM |
| Topical term or geographic name entry element |
LIE GROUPS |
| 650 ## - SUBJECT ADDED ENTRY--TOPICAL TERM |
| Topical term or geographic name entry element |
SYMMETRY (PHYSICS) |
| 650 ## - SUBJECT ADDED ENTRY--TOPICAL TERM |
| Topical term or geographic name entry element |
DIFFERENTIAL EQUATIONS--NUMERICAL SOLUTIONS |
| 650 #0 - SUBJECT ADDED ENTRY--TOPICAL TERM |
| Topical term or geographic name entry element |
MATHEMATICS--HANDBOOKS, MANUALS, ETC |
| 856 ## - ELECTRONIC LOCATION AND ACCESS |
| Uniform Resource Identifier |
<a href="http://www.loc.gov/catdir/toc/cam024/2001037835.html">http://www.loc.gov/catdir/toc/cam024/2001037835.html</a> |
| 856 ## - ELECTRONIC LOCATION AND ACCESS |
| Uniform Resource Identifier |
<a href="http://www.loc.gov/catdir/description/cam022/2001037835.html">http://www.loc.gov/catdir/description/cam022/2001037835.html</a> |
| 856 ## - ELECTRONIC LOCATION AND ACCESS |
| Uniform Resource Identifier |
<a href="http://www.loc.gov/catdir/samples/cam031/2001037835.html">http://www.loc.gov/catdir/samples/cam031/2001037835.html</a> |
| 995 ## - RECOMMENDATION 995 [LOCAL, UNIMARC FRANCE] |
| -- |
0.00 |
| -- |
CBU-MAIN LIBRARY (Kitwe) |
| -- |
1 |
| -- |
31.50 |
| -- |
1 |
| -- |
OUT |
| -- |
Main Library Open Access Collection |